Province della Toscana (con mappa) - Statistics

Statistiche generali
  • Questo quiz è stato fatto 9.497 volte
    8.977 dall'ultimo reset
  • Il punteggio medio è 8 su 10
Risposte nella Mappa
Le risposte nella mappa del quiz sottostante sono codificate secondo una scala di colori dal rosso al verde in base alla % di persone che hanno risposto correttamente.
 
Statistiche sulle risposte
Provincia % Corretto
Firenze
98%
Pisa
95%
Livorno
87%
Lucca
77%
Siena
76%
Grosseto
75%
Prato
75%
Massa-Carrara
74%
Pistoia
69%
Arezzo
67%
Nessun quiz corrispondente trovato
Distribuzione punteggi
Percentuale di utenti per punteggio
Percentile per numero di risposta
I tuoi punteggi nel tempo
Non hai fatto questo quiz dall'ultimo reset